[Event "Titled Tuesday intern op 19th Sep Early"]
[Site "Chess.com INT"]
[Date "2023.09.19"]
[Round "7"]
[White "Golubev, Mikhail"]
[Black "Tsyhanchuk, Stanislav"]
[Result "0-1"]
[WhiteElo "2461"]
[BlackElo "2273"]
[PlyCount "62"]
[EventDate "2023.09.19"]
[EventType "swiss (blitz)"]
[EventRounds "11"]
[EventCountry "USA"]
[SourceTitle "EXT 2024"]
[Source "ChessBase"]
[SourceDate "2023.10.10"]
[SourceVersion "1"]
[SourceVersionDate "2023.10.10"]
[SourceQuality "1"]

1. e4 c5 2. Nf3 d6 3. d4 cxd4 4. Nxd4 Nf6 5. Nc3 a6 6. Bc4 e6 7. Bb3 Nbd7 8. f4 Nc5 9. 0-0 Nxb3 10. axb3 Be7 11. Qf3 0-0 12. Be3 e5 13. fxe5 dxe5 14. Nf5 Bxf5 15. Qxf5 Qc7 16. Bg5 Rfe8 17. Bxf6 Bxf6 18. Nd5 Qc5+ 19. Kh1 Re6 20. c3 Rd8 21. Rf3 Kh8 22. Raf1 Qd6 23. Rh3 g6 24. Qf2 Bg7 25. Qh4 h6 26. Rxf7 Rf8 27. Rhf3 Rxf7 28. Rxf7 Re8 29. Rxb7 g5 30. Qf2 Qg6 31. Qf7 Rf8 0-1

[Event "Titled Tuesday intern op 12th Sep Early"]
[Site "Chess.com INT"]
[Date "2023.09.12"]
[Round "3"]
[White "Bodnaruk, Anastasia"]
[Black "Tsyhanchuk, Stanislav"]
[Result "1-0"]
[WhiteElo "2340"]
[BlackElo "2273"]
[PlyCount "91"]
[EventDate "2023.09.12"]
[EventType "swiss (blitz)"]
[EventRounds "11"]
[EventCountry "USA"]
[SourceTitle "EXT 2024"]
[Source "ChessBase"]
[SourceDate "2023.10.10"]
[SourceVersion "1"]
[SourceVersionDate "2023.10.10"]
[SourceQuality "1"]

1. e4 c5 2. Nc3 Nc6 3. Bb5 Nd4 4. Bc4 g6 5. Nf3 Bg7 6. Nxd4 cxd4 7. Qf3 Nf6 8. Nb5 0-0 9. Nxd4 d5 10. exd5 Bg4 11. Qb3 Ne4 12. Ne2 Nc5 13. Qe3 Rc8 14. 0-0 a6 15. d4 Nd7 16. Bb3 Nf6 17. c4 b5 18. cxb5 axb5 19. Nf4 Bh6 20. Qg3 Bg7 21. Be3 Bf5 22. f3 Qd7 23. Rac1 Rxc1 24. Rxc1 Rc8 25. Rc5 Ne8 26. Qe1 Nd6 27. Qc1 h5 28. Qd2 Bf6 29. Nd3 h4 30. Ne5 Qe8 31. Nc6 Kg7 32. Bh6+ Kh7 33. Bg5 Nb7 34. Rc1 Nd6 35. Bxf6 exf6 36. Re1 Qf8 37. Qf4 Kg7 38. Qxh4 Qh8 39. Qxh8+ Rxh8 40. Re7 Rc8 41. g4 Kf8 42. gxf5 Rxc6 43. Rxf7+ Nxf7 44. dxc6 Nd6 45. fxg6 Kg7 46. Bf7 1-0

[Event "Titled Tuesday intern op 12th Sep Early"]
[Site "Chess.com INT"]
[Date "2023.09.12"]
[Round "9"]
[White "Tsyhanchuk, Stanislav"]
[Black "Musat, Adrian"]
[Result "1-0"]
[WhiteElo "2273"]
[BlackElo "2378"]
[PlyCount "67"]
[EventDate "2023.09.12"]
[EventType "swiss (blitz)"]
[EventRounds "11"]
[EventCountry "USA"]
[SourceTitle "EXT 2024"]
[Source "ChessBase"]
[SourceDate "2023.10.10"]
[SourceVersion "1"]
[SourceVersionDate "2023.10.10"]
[SourceQuality "1"]

1. e4 e5 2. Nf3 Nc6 3. Bc4 Nf6 4. d3 Bc5 5. 0-0 h6 6. a3 a6 7. c3 d6 8. d4 Ba7 9. Re1 0-0 10. h3 Re8 11. Qb3 Re7 12. dxe5 dxe5 13. Qc2 Be6 14. Nbd2 b5 15. Bxe6 Rxe6 16. Nf1 Rd6 17. Be3 Qe7 18. Bxa7 Nxa7 19. Ne3 g6 20. a4 c5 21. b3 Rad8 22. axb5 axb5 23. c4 b4 24. Nd5 Nxd5 25. exd5 Nc8 26. Rxe5 Qf6 27. Rae1 Kg7 28. Nh2 h5 29. Qd3 Ra6 30. Qe3 Rd7 31. Qxc5 Nd6 32. Nf3 Ra3 33. R5e3 Rb7 34. Qd4 1-0

[Event "Titled Tuesday intern op 12th Sep Early"]
[Site "Chess.com INT"]
[Date "2023.09.12"]
[Round "5"]
[White "Tsyhanchuk, Stanislav"]
[Black "Silva, Winston Joseph R"]
[Result "1-0"]
[WhiteElo "2273"]
[BlackElo "1890"]
[PlyCount "63"]
[EventDate "2023.09.12"]
[EventType "swiss (blitz)"]
[EventRounds "11"]
[EventCountry "USA"]
[SourceTitle "EXT 2024"]
[Source "ChessBase"]
[SourceDate "2023.10.10"]
[SourceVersion "1"]
[SourceVersionDate "2023.10.10"]
[SourceQuality "1"]

1. e4 c5 2. c4 Nc6 3. Nc3 e5 4. g3 d6 5. Bg2 Nge7 6. Nge2 g6 7. 0-0 Bg7 8. a3 0-0 9. Rb1 Nd4 10. b4 Nec6 11. d3 Nxe2+ 12. Nxe2 Nd4 13. Nxd4 cxd4 14. b5 a5 15. a4 b6 16. f4 f6 17. h4 Rf7 18. Ba3 Bf8 19. g4 Raa7 20. Qf3 Qd7 21. Bh3 exf4 22. Qxf4 h5 23. Rb2 hxg4 24. Bg2 Kh7 25. Rbf2 Bh6 26. Qxd6 Qxd6 27. Bxd6 Be3 28. Kh2 Rab7 29. Rxf6 Ra7 30. Rxf7+ Rxf7 31. Rxf7+ Kh6 32. Bf8+ 1-0

[Event "Titled Tuesday intern op 05th Sep Early"]
[Site "Chess.com INT"]
[Date "2023.09.05"]
[Round "9"]
[White "Ilkhomi, Jaloliddin"]
[Black "Tsyhanchuk, Stanislav"]
[Result "1-0"]
[WhiteElo "2177"]
[BlackElo "2273"]
[PlyCount "73"]
[EventDate "2023.09.05"]
[EventType "swiss (blitz)"]
[EventRounds "11"]
[EventCountry "USA"]
[SourceTitle "EXT 2024"]
[Source "ChessBase"]
[SourceDate "2023.10.10"]
[SourceVersion "1"]
[SourceVersionDate "2023.10.10"]
[SourceQuality "1"]

1. d4 Nf6 2. Nf3 e6 3. c3 d5 4. Bf4 Bd6 5. Bg3 0-0 6. e3 c5 7. Nbd2 Nc6 8. Bd3 b6 9. Ne5 Bb7 10. f4 Ne7 11. Qb1 g6 12. 0-0 Nf5 13. Bf2 h5 14. Qd1 Ne4 15. Qe2 a6 16. Rad1 b5 17. Bxe4 dxe4 18. g4 hxg4 19. Qxg4 Bxe5 20. dxe5 Qd3 21. Nb3 Nxe3 22. Rxd3 Nxg4 23. Rd7 e3 24. Bh4 Bd5 25. Nxc5 Kg7 26. Re1 Rh8 27. Bg3 Rh3 28. Kf1 Rah8 29. Ke2 Rxh2+ 30. Bxh2 Rxh2+ 31. Kd1 Bf3+ 32. Kc1 e2 33. Nxe6+ Kh7 34. Ng5+ Kh6 35. Nxf3 Kh5 36. Nxh2 Nxh2 37. Rxe2 1-0

[Event "Titled Tuesday intern op 05th Sep Early"]
[Site "Chess.com INT"]
[Date "2023.09.05"]
[Round "5"]
[White "Povshednyi, Ivan"]
[Black "Tsyhanchuk, Stanislav"]
[Result "0-1"]
[WhiteElo "2230"]
[BlackElo "2273"]
[PlyCount "48"]
[EventDate "2023.09.05"]
[EventType "swiss (blitz)"]
[EventRounds "11"]
[EventCountry "USA"]
[SourceTitle "EXT 2024"]
[Source "ChessBase"]
[SourceDate "2023.10.10"]
[SourceVersion "1"]
[SourceVersionDate "2023.10.10"]
[SourceQuality "1"]

1. d4 Nf6 2. c4 e6 3. Nc3 Bb4 4. e3 c5 5. Nge2 Ne4 6. a3 Bxc3+ 7. bxc3 d6 8. f3 Nf6 9. e4 Nc6 10. Be3 Qa5 11. Kf2 0-0 12. g4 Nd7 13. Qc2 f5 14. exf5 exf5 15. g5 cxd4 16. cxd4 f4 17. Nxf4 Nxd4 18. Qd3 Nxf3 19. Qxd6 Nxg5 20. Bg2 Ne5 21. Bd5+ Nef7 22. Rhe1 Ne4+ 23. Bxe4 Nxd6 24. Bd3 Qg5 0-1

[Event "Titled Tuesday intern op 05th Sep Late"]
[Site "Chess.com INT"]
[Date "2023.09.05"]
[Round "2"]
[White "Tsyhanchuk, Stanislav"]
[Black "Ardito, Andrew"]
[Result "1-0"]
[WhiteElo "2273"]
[BlackElo "2125"]
[PlyCount "87"]
[EventDate "2023.09.05"]
[EventType "swiss (blitz)"]
[EventRounds "11"]
[EventCountry "USA"]
[SourceTitle "EXT 2024"]
[Source "ChessBase"]
[SourceDate "2023.10.10"]
[SourceVersion "1"]
[SourceVersionDate "2023.10.10"]
[SourceQuality "1"]

1. e4 Nf6 2. e5 Ng8 3. d4 d6 4. f4 h5 5. Nf3 Bg4 6. c3 e6 7. Be3 Nh6 8. h3 Nf5 9. Bf2 Bxf3 10. Qxf3 d5 11. Bd3 g6 12. g4 Nh4 13. Qg3 Be7 14. Nd2 c5 15. 0-0-0 c4 16. Bc2 Nc6 17. Nf3 Nxf3 18. Qxf3 Qa5 19. f5 gxf5 20. gxf5 Qxa2 21. fxe6 fxe6 22. Be3 Kd7 23. Rhg1 Raf8 24. Qe2 b5 25. Kd2 b4 26. Rb1 b3 27. Bg6 Ba3 28. Kc1 Rhg8 29. Bxh5 Rxg1+ 30. Bxg1 Be7 31. Be3 a5 32. Qd1 a4 33. Kd2 a3 34. Ke1 axb2 35. Bg4 Nb4 36. Ke2 Nd3 37. Kd2 Qa5 38. Be2 Bb4 39. Bxd3 Bxc3+ 40. Ke2 cxd3+ 41. Qxd3 Qa1 42. Bd2 Bxd2 43. Kxd2 Qa5+ 44. Ke2 1-0

[Event "Titled Tuesday intern op 29th Aug Early"]
[Site "Chess.com INT"]
[Date "2023.08.29"]
[Round "9"]
[White "Baghdasaryan, Vahe"]
[Black "Tsyhanchuk, Stanislav"]
[Result "1-0"]
[WhiteElo "2257"]
[BlackElo "2273"]
[PlyCount "91"]
[EventDate "2023.08.29"]
[EventType "swiss (blitz)"]
[EventRounds "11"]
[EventCountry "USA"]
[SourceTitle "EXT 2024"]
[Source "ChessBase"]
[SourceDate "2023.10.10"]
[SourceVersion "1"]
[SourceVersionDate "2023.10.10"]
[SourceQuality "1"]

1. e4 c5 2. c3 e6 3. d4 d5 4. exd5 exd5 5. Nf3 Nc6 6. Bb5 Nf6 7. 0-0 Be7 8. dxc5 Bxc5 9. Re1+ Be6 10. Nd4 0-0 11. Bxc6 Bxd4 12. Qxd4 bxc6 13. Bg5 h6 14. Bh4 g5 15. Bg3 Ne4 16. f3 Nxg3 17. hxg3 Qd6 18. f4 f6 19. Nd2 c5 20. Qd3 Bf7 21. Ne4 Qb6 22. Nf2 Kg7 23. b3 Rfe8 24. Qf3 c4 25. b4 d4 26. cxd4 Qxd4 27. Kh2 c3 28. Red1 Qxb4 29. Rab1 Qc4 30. Rbc1 Rac8 31. Rd7 c2 32. Ng4 h5 33. fxg5 hxg4 34. Qxf6+ Kg8 35. g6 Rf8 36. gxf7+ Rxf7 37. Qg6+ Kf8 38. Qd6+ Kg8 39. Qg6+ Kf8 40. Qh6+ Ke8 41. Rxf7 Qxf7 42. Re1+ Kd7 43. Qd2+ Kc7 44. Qxc2+ Kb7 45. Rb1+ Ka6 46. Qa4# 1-0

[Event "Titled Tuesday intern op 22nd Aug Late"]
[Site "Chess.com INT"]
[Date "2023.08.22"]
[Round "6"]
[White "Feliz Dotel, Dewar Bienvenido"]
[Black "Tsyhanchuk, Stanislav"]
[Result "0-1"]
[WhiteElo "1984"]
[BlackElo "2273"]
[PlyCount "70"]
[EventDate "2023.08.22"]
[EventType "swiss (blitz)"]
[EventRounds "11"]
[EventCountry "USA"]
[SourceTitle "EXT 2024"]
[Source "ChessBase"]
[SourceDate "2023.10.10"]
[SourceVersion "1"]
[SourceVersionDate "2023.10.10"]
[SourceQuality "1"]

1. d4 Nf6 2. e3 d5 3. Nf3 e6 4. Bd3 c5 5. b3 Ne4 6. 0-0 f5 7. c4 Nd7 8. cxd5 exd5 9. dxc5 Ndxc5 10. Bb5+ Bd7 11. Bxd7+ Qxd7 12. Bb2 Bd6 13. Nc3 Nxc3 14. Bxc3 Ne4 15. Bb2 Bc7 16. Qd4 0-0 17. Rfd1 Rad8 18. Qxa7 f4 19. Be5 fxe3 20. Qxe3 Rxf3 21. gxf3 Bxe5 22. fxe4 Bxa1 23. Rxa1 Qg4+ 24. Kf1 Re8 25. e5 Qh5 26. Re1 Qxh2 27. e6 d4 28. Qf3 Rf8 29. Qg2 Qh5 30. e7 Re8 31. Qe4 d3 32. Qxd3 Qh1+ 33. Ke2 Rxe7+ 34. Kd2 Qxe1+ 35. Kc2 Re2+ 0-1

[Event "Titled Tuesday intern op 22nd Aug Late"]
[Site "Chess.com INT"]
[Date "2023.08.22"]
[Round "9"]
[White "Tsyhanchuk, Stanislav"]
[Black "Kurmangaliyeva, Liya"]
[Result "0-1"]
[WhiteElo "2273"]
[BlackElo "2250"]
[PlyCount "31"]
[EventDate "2023.08.22"]
[EventType "swiss (blitz)"]
[EventRounds "11"]
[EventCountry "USA"]
[SourceTitle "EXT 2024"]
[Source "ChessBase"]
[SourceDate "2023.10.10"]
[SourceVersion "1"]
[SourceVersionDate "2023.10.10"]
[SourceQuality "1"]

1. c4 e6 2. Nc3 d5 3. e3 c5 4. cxd5 exd5 5. d4 Nf6 6. Nf3 Nc6 7. Bb5 Bd6 8. dxc5 Bxc5 9. Nd4 Bd7 10. 0-0 0-0 11. b3 Nxd4 12. exd4 Bb4 13. Bxd7 Bxc3 14. Ba3 Bxa1 15. Ba4 Bc3 16. b4 0-1

[Event "Titled Tuesday intern op 22nd Aug Late"]
[Site "Chess.com INT"]
[Date "2023.08.22"]
[Round "4"]
[White "Tsyhanchuk, Stanislav"]
[Black "Piesik, Piotr"]
[Result "0-1"]
[WhiteElo "2273"]
[BlackElo "2426"]
[PlyCount "46"]
[EventDate "2023.08.22"]
[EventType "swiss (blitz)"]
[EventRounds "11"]
[EventCountry "USA"]
[SourceTitle "EXT 2024"]
[Source "ChessBase"]
[SourceDate "2023.10.10"]
[SourceVersion "1"]
[SourceVersionDate "2023.10.10"]
[SourceQuality "1"]

1. c4 g6 2. Nc3 Bg7 3. d4 d6 4. e4 Nd7 5. f4 e5 6. Nf3 exd4 7. Nxd4 Ngf6 8. Bd3 Nc5 9. Bc2 0-0 10. b4 Bg4 11. Qd2 Ncxe4 12. Nxe4 Nxe4 13. Bxe4 Re8 14. 0-0 Rxe4 15. Bb2 Qf6 16. f5 Rxd4 17. Qe3 Bxf5 18. Rad1 c5 19. Bxd4 Qxd4 20. Qxd4 Bxd4+ 21. Kh1 Re8 22. b5 Re2 23. a4 Be4 0-1

[Event "Titled Tuesday intern op 22nd Aug Early"]
[Site "Chess.com INT"]
[Date "2023.08.22"]
[Round "9"]
[White "Tsyhanchuk, Stanislav"]
[Black "Zaichenko, Daria"]
[Result "0-1"]
[WhiteElo "2273"]
[BlackElo "2104"]
[PlyCount "44"]
[EventDate "2023.08.22"]
[EventType "swiss (blitz)"]
[EventRounds "11"]
[EventCountry "USA"]
[SourceTitle "EXT 2024"]
[Source "ChessBase"]
[SourceDate "2023.10.10"]
[SourceVersion "1"]
[SourceVersionDate "2023.10.10"]
[SourceQuality "1"]

1. c4 e6 2. Nc3 d5 3. cxd5 exd5 4. d4 Be7 5. Nf3 c6 6. Bf4 Bf5 7. e3 Nf6 8. Nh4 Be6 9. Bd3 Ne4 10. Nf3 f5 11. 0-0 Nd7 12. Ne5 Nxe5 13. Bxe5 0-0 14. f3 Nf6 15. Qc2 Qd7 16. e4 fxe4 17. fxe4 dxe4 18. Nxe4 Nxe4 19. Bxe4 h6 20. Qd3 Bf6 21. Qg3 Bxe5 22. dxe5 Qd4+ 0-1

[Event "Titled Tuesday intern op 15th Aug Late"]
[Site "Chess.com INT"]
[Date "2023.08.15"]
[Round "9"]
[White "Golubev, Mikhail"]
[Black "Tsyhanchuk, Stanislav"]
[Result "0-1"]
[WhiteElo "2461"]
[BlackElo "2273"]
[PlyCount "44"]
[EventDate "2023.08.15"]
[EventType "swiss (blitz)"]
[EventRounds "11"]
[EventCountry "USA"]
[SourceTitle "EXT 2024"]
[Source "ChessBase"]
[SourceDate "2023.10.10"]
[SourceVersion "1"]
[SourceVersionDate "2023.10.10"]
[SourceQuality "1"]

1. e4 c5 2. Nf3 d6 3. d4 cxd4 4. Nxd4 Nf6 5. Nc3 a6 6. Bc4 e6 7. Bb3 Nbd7 8. f4 Nc5 9. Qf3 Be7 10. Be3 0-0 11. 0-0 Bd7 12. e5 dxe5 13. fxe5 Ne8 14. Rad1 Nxb3 15. axb3 Qc7 16. Bf4 Rc8 17. Kh1 b5 18. Nf5 exf5 19. e6 Bc6 20. Nd5 Bxd5 21. Qxd5 Qxc2 22. Qd7 Rd8 0-1

[Event "Titled Tuesday intern op 15th Aug Late"]
[Site "Chess.com INT"]
[Date "2023.08.15"]
[Round "7"]
[White "Krishnan, Varun"]
[Black "Tsyhanchuk, Stanislav"]
[Result "1-0"]
[WhiteElo "2341"]
[BlackElo "2273"]
[PlyCount "53"]
[EventDate "2023.08.15"]
[EventType "swiss (blitz)"]
[EventRounds "11"]
[EventCountry "USA"]
[SourceTitle "EXT 2024"]
[Source "ChessBase"]
[SourceDate "2023.10.10"]
[SourceVersion "1"]
[SourceVersionDate "2023.10.10"]
[SourceQuality "1"]

1. d4 Nf6 2. c4 e6 3. Nc3 Bb4 4. f3 0-0 5. e4 d5 6. e5 Nh5 7. Be3 g6 8. g4 Ng7 9. Qd2 dxc4 10. Bxc4 Nd7 11. h4 Nb6 12. Bb3 h5 13. Nge2 Nd5 14. Bg5 Qe8 15. Ng3 Qc6 16. Nge4 Kh8 17. Bf6 Kh7 18. Rg1 Nxc3 19. bxc3 Ba5 20. Bxg7 Kxg7 21. gxh5 Rh8 22. hxg6 fxg6 23. Qg5 Qe8 24. Qf6+ Kh7 25. h5 Bd7 26. Rxg6 Qf8 27. Ng5# 1-0

[Event "Titled Tuesday intern op 15th Aug Late"]
[Site "Chess.com INT"]
[Date "2023.08.15"]
[Round "1"]
[White "Lagarde, Maxime"]
[Black "Tsyhanchuk, Stanislav"]
[Result "1-0"]
[WhiteElo "2600"]
[BlackElo "2273"]
[PlyCount "85"]
[EventDate "2023.08.15"]
[EventType "swiss (blitz)"]
[EventRounds "11"]
[EventCountry "USA"]
[SourceTitle "EXT 2024"]
[Source "ChessBase"]
[SourceDate "2023.10.10"]
[SourceVersion "1"]
[SourceVersionDate "2023.10.10"]
[SourceQuality "1"]

1. Nc3 Nf6 2. e4 e5 3. f4 d6 4. fxe5 dxe5 5. Nf3 Nc6 6. Bb5 Bd7 7. 0-0 Bd6 8. d3 h6 9. Kh1 0-0 10. Bxc6 Bxc6 11. Qe1 Re8 12. Nh4 Bc5 13. Nf5 Kh7 14. Qh4 Ng8 15. Qg3 g6 16. Ne3 Qd7 17. Ned5 f5 18. Qh4 Be7 19. Nxe7 Qxe7 20. Qh3 f4 21. g3 g5 22. Bd2 Nf6 23. gxf4 exf4 24. Rg1 Rad8 25. Rae1 Qd7 26. Qf3 Qd4 27. Rg2 b5 28. h4 b4 29. hxg5 Ng8 30. Ne2 Bxe4 31. Nxd4 Bxf3 32. Nxf3 Rxe1+ 33. Bxe1 Re8 34. Bxb4 hxg5 35. Nxg5+ Kg6 36. Ne4+ Kf5 37. Rg5+ Ke6 38. Kg2 Nf6 39. Rg6 Kf5 40. Rxf6+ Kg4 41. Rg6+ Kh5 42. Rg5+ Kh4 43. Be1# 1-0

[Event "Titled Tuesday intern op 15th Aug Late"]
[Site "Chess.com INT"]
[Date "2023.08.15"]
[Round "3"]
[White "Mendez Fortes, Eduardo Jesus"]
[Black "Tsyhanchuk, Stanislav"]
[Result "0-1"]
[WhiteElo "2231"]
[BlackElo "2273"]
[PlyCount "88"]
[EventDate "2023.08.15"]
[EventType "swiss (blitz)"]
[EventRounds "11"]
[EventCountry "USA"]
[SourceTitle "EXT 2024"]
[Source "ChessBase"]
[SourceDate "2023.10.10"]
[SourceVersion "1"]
[SourceVersionDate "2023.10.10"]
[SourceQuality "1"]

1. e4 c5 2. Nf3 d6 3. d4 cxd4 4. Nxd4 Nf6 5. Nc3 a6 6. Bg5 e6 7. f4 Qb6 8. Qd3 Nc6 9. Nb3 Be7 10. 0-0-0 h6 11. Bh4 0-0 12. g3 Qc7 13. Be2 b5 14. Bf3 Bb7 15. Kb1 Rfd8 16. Qe3 b4 17. Na4 Na5 18. Nb6 Nc4 19. Nxa8 Bxa8 20. Qd3 a5 21. Nd2 Nxd2+ 22. Rxd2 a4 23. Rhd1 a3 24. e5 Nd5 25. Bxe7 Qxe7 26. Bxd5 Bxd5 27. exd6 Rxd6 28. c4 bxc3 29. Qxc3 axb2 30. Kxb2 Qa7 31. a3 Kh7 32. Ka1 g6 33. Rd3 Rc6 34. Qf6 Rc2 35. Kb1 Qc7 36. Qd4 Rc4 37. Qb2 Rc6 38. Ka1 Rb6 39. Qe5 Qb7 40. Qc3 Rb3 41. Qc2 Rb6 42. Rc3 Ra6 43. Rc7 Rxa3+ 44. Qa2 Rxa2# 0-1

[Event "Titled Tuesday intern op 15th Aug Late"]
[Site "Chess.com INT"]
[Date "2023.08.15"]
[Round "10"]
[White "Tsyhanchuk, Stanislav"]
[Black "Gamayev, Oleg"]
[Result "1/2-1/2"]
[WhiteElo "2273"]
[BlackElo "2160"]
[PlyCount "180"]
[EventDate "2023.08.15"]
[EventType "swiss (blitz)"]
[EventRounds "11"]
[EventCountry "USA"]
[SourceTitle "EXT 2024"]
[Source "ChessBase"]
[SourceDate "2023.10.10"]
[SourceVersion "1"]
[SourceVersionDate "2023.10.10"]
[SourceQuality "1"]

1. c4 d6 2. Nc3 Nf6 3. d4 e5 4. dxe5 dxe5 5. Qxd8+ Kxd8 6. Nf3 Nfd7 7. Be3 f6 8. 0-0-0 c6 9. g3 Kc7 10. h4 Na6 11. a3 Bc5 12. Bxc5 Naxc5 13. b4 Ne6 14. e3 a5 15. Kb2 axb4 16. axb4 Nb6 17. Ra1 Rxa1 18. Kxa1 Bd7 19. Be2 Ra8+ 20. Kb2 Na4+ 21. Nxa4 Rxa4 22. Kb3 c5 23. b5 Rb4+ 24. Kc3 Nd8 25. Rd1 Be6 26. Ne1 Nf7 27. Ra1 Nd6 28. Nc2 Bxc4 29. Nxb4 cxb4+ 30. Kd2 Bxe2 31. Kxe2 Nxb5 32. Kd3 Kc6 33. Kc4 Na3+ 34. Kb3 b5 35. Rd1 Nc4 36. Kxb4 Nd6 37. h5 g6 38. h6 Ne4 39. Rc1+ Kd6 40. Rc2 f5 41. Kxb5 g5 42. Rc6+ Ke7 43. Rc7+ Kf6 44. Rxh7 Kg6 45. Rh8 Nxf2 46. Rf8 Ng4 47. h7 Kxh7 48. Rxf5 Nxe3 49. Rxe5 Nf1 50. Rxg5 Kh6 51. Rg4 Ne3 52. Rf4 Kg5 53. Kc5 Nf5 54. Rf3 Kg4 55. Rf4+ Kg5 56. Kd5 Nxg3 57. Ke5 Nh5 58. Rf1 Kg4 59. Rf5 Ng3 60. Rf8 Ne2 61. Ke4 Nc3+ 62. Ke5 Kg3 63. Kd4 Nb5+ 64. Ke3 Kg4 65. Rf6 Nc3 66. Rg6+ Kf5 67. Rd6 Ke5 68. Rh6 Nd5+ 69. Kf3 Kd4 70. Rh5 Ne3 71. Rh4+ Kd3 72. Rh8 Nc4 73. Rd8+ Kc3 74. Ke2 Ne5 75. Rc8+ Kd4 76. Rd8+ Ke4 77. Ra8 Kd4 78. Ra4+ Nc4 79. Rb4 Kc5 80. Rb8 Kd4 81. Rd8+ Ke4 82. Rh8 Kd4 83. Rh4+ Kd5 84. Kd3 Ne5+ 85. Ke3 Nc4+ 86. Kf4 Kd4 87. Kf3+ Kd3 88. Rh8 Ne5+ 89. Kf4 Ng6+ 90. Kg5 Nxh8 1/2-1/2

[Event "Titled Tuesday intern op 15th Aug Late"]
[Site "Chess.com INT"]
[Date "2023.08.15"]
[Round "4"]
[White "Tsyhanchuk, Stanislav"]
[Black "Papasimakopoulos, Alexandros"]
[Result "0-1"]
[WhiteElo "2273"]
[BlackElo "2409"]
[PlyCount "92"]
[EventDate "2023.08.15"]
[EventType "swiss (blitz)"]
[EventRounds "11"]
[EventCountry "USA"]
[SourceTitle "EXT 2024"]
[Source "ChessBase"]
[SourceDate "2023.10.10"]
[SourceVersion "1"]
[SourceVersionDate "2023.10.10"]
[SourceQuality "1"]

1. c4 e6 2. Nc3 d5 3. cxd5 exd5 4. d4 c6 5. Nf3 Bd6 6. Bg5 Ne7 7. e3 f6 8. Bh4 Bf5 9. Bd3 Nd7 10. Bg3 Nf8 11. a4 a5 12. Qc2 Bxd3 13. Qxd3 Nfg6 14. 0-0 Bxg3 15. hxg3 0-0 16. Rab1 Qd6 17. e4 dxe4 18. Nxe4 Qb4 19. b3 Nd5 20. Nc5 Rfe8 21. Nd2 b6 22. Nce4 Rad8 23. Nc4 Kh8 24. Rb2 Nge7 25. Qd2 Nf5 26. Qxb4 Nxb4 27. f3 Nd5 28. Rd1 h5 29. Kf2 Kg8 30. Rbd2 Rd7 31. Rh1 g6 32. Nxb6 Nxb6 33. Nxf6+ Kf7 34. Nxd7 Nxd7 35. d5 c5 36. Rc1 Nd4 37. Rc3 Rb8 38. Rdd3 Ke7 39. Re3+ Kd6 40. g4 hxg4 41. f4 Nf6 42. Re5 Nxd5 43. Rc1 Nxf4 44. Re3 Nd5 45. Rg3 Rf8+ 46. Kg1 Ne2+ 0-1

[Event "Titled Tuesday intern op 01st Aug Early"]
[Site "Chess.com INT"]
[Date "2023.08.01"]
[Round "9"]
[White "Andreev, Konstantin1111"]
[Black "Tsyhanchuk, Stanislav"]
[Result "1-0"]
[WhiteElo "2151"]
[BlackElo "2273"]
[PlyCount "75"]
[EventDate "2023.08.01"]
[EventType "swiss (blitz)"]
[EventRounds "11"]
[EventCountry "USA"]
[SourceTitle "EXT 2024"]
[Source "ChessBase"]
[SourceDate "2023.10.10"]
[SourceVersion "1"]
[SourceVersionDate "2023.10.10"]
[SourceQuality "1"]

1. e4 c5 2. Nf3 d6 3. d4 cxd4 4. Nxd4 Nf6 5. Nc3 a6 6. h4 e5 7. Nb3 Bg4 8. f3 Be6 9. f4 Bg4 10. Be2 h5 11. Be3 Nc6 12. Qd2 b5 13. Bxg4 Nxg4 14. f5 Be7 15. g3 Nf6 16. Qd3 Nb4 17. Qe2 d5 18. exd5 Rc8 19. a3 Nbxd5 20. 0-0-0 0-0 21. Nxd5 Nxd5 22. Kb1 Bxa3 23. Qf3 Qc7 24. Rh2 Nc3+ 25. Ka1 Nxd1 26. Qxd1 Rfd8 27. Qxh5 Bb4 28. f6 g6 29. Qg4 Qd7 30. Qxb4 Qd1+ 31. Ka2 Rxc2 32. Rxc2 Qxc2 33. Qe7 Qc8 34. h5 gxh5 35. Qxe5 Kf8 36. Bc5+ Kg8 37. Qg5+ Kh7 38. Qg7# 1-0

[Event "Titled Tuesday intern op 25th Jul Early"]
[Site "Chess.com INT"]
[Date "2023.07.25"]
[Round "9"]
[White "Altman, Joshua"]
[Black "Tsyhanchuk, Stanislav"]
[Result "1/2-1/2"]
[WhiteElo "2163"]
[BlackElo "2273"]
[PlyCount "134"]
[EventDate "2023.07.25"]
[EventType "swiss (blitz)"]
[EventRounds "11"]
[EventCountry "USA"]
[SourceTitle "EXT 2024"]
[Source "ChessBase"]
[SourceDate "2023.10.10"]
[SourceVersion "1"]
[SourceVersionDate "2023.10.10"]
[SourceQuality "1"]

1. e4 c5 2. Nf3 d6 3. b3 e5 4. Bb2 Nf6 5. d3 Be6 6. Be2 Be7 7. 0-0 0-0 8. Nbd2 Nc6 9. c3 Rb8 10. h3 b5 11. d4 cxd4 12. cxd4 exd4 13. Nxd4 Nxd4 14. Bxd4 Nd7 15. a4 a6 16. axb5 axb5 17. Nf3 Bf6 18. b4 Ne5 19. Ra6 Nc4 20. Re1 Qc8 21. Ra7 Be5 22. Bxc4 Qxc4 23. Bxe5 dxe5 24. Nxe5 Qxb4 25. Nc6 Qc5 26. Rc7 Qb6 27. Qd6 Kh8 28. Rd1 Rbc8 29. Rxc8 Rxc8 30. Na7 Qxd6 31. Rxd6 Rc1+ 32. Kh2 g6 33. Nxb5 Re1 34. f3 Bc4 35. Nd4 Rd1 36. Rd8+ Kg7 37. Nf5+ gxf5 38. Rxd1 fxe4 39. fxe4 Kf6 40. Re1 Ke5 41. Kg3 Bd3 42. Kf3 f6 43. g4 h6 44. h4 Bc2 45. Re3 Bd1+ 46. Kg3 Bc2 47. h5 Bxe4 48. Ra3 f5 49. Ra5+ Kf6 50. Kf4 Bd3 51. gxf5 Be2 52. Re5 Bxh5 53. Re6+ Kg7 54. Ke5 Bf7 55. Re7 h5 56. f6+ Kg6 57. Ra7 h4 58. Ra4 Kg5 59. Rf4 h3 60. Rf2 Kg4 61. Kd6 Kg3 62. Rc2 h2 63. Rc1 Kg2 64. Ke7 Bg6 65. f7 Bxf7 66. Kxf7 h1Q 67. Rxh1 Kxh1 1/2-1/2